| 000 | 00719nam a2200229Ia 4500 | ||
|---|---|---|---|
| 001 | 15972 | ||
| 003 | GE_BSU | ||
| 008 | 181216s||||||||xx |||||||||||||| ||und|| | ||
| 040 | _cGE_BSU | ||
| 080 | _a821.353.1-31 | ||
| 100 | _aჯაფარიძე, რევაზ | ||
| 245 | _aხევის პატარძალი. წ.1. | ||
| 245 | _bრომანი | ||
| 245 | _cრედ.რ.გვეტაძე.მხ.შ.ბერიტაშვილი | ||
| 260 | _aთბილისი | ||
| 260 | _bსაბჭ. მწერალი | ||
| 260 | _c1951 | ||
| 300 | _a276გვ. ; 21სმ | ||
| 653 | _aრომანი | ||
| 653 | _aხევის პატარძალი. | ||
| 942 | _cBK | ||
| 999 |
_c49066 _d49066 |
||